| 000 | 00535nam a2200169Ia 4500 | ||
|---|---|---|---|
| 999 |
_c6620 _d6620 |
||
| 003 | OSt | ||
| 005 | 20191221112513.0 | ||
| 008 | 190216s9999||||xx |||||||||||||| ||und|| | ||
| 020 | _a0070965188 | ||
| 040 | _coclc | ||
| 082 |
_a658.0018 _bMOT/M |
||
| 100 |
_aMote, V L _9644 |
||
| 245 | 0 |
_aManagerial Economics Concepts And Cases / _cV L Mote ; Samuel Paul ; G S Gupta |
|
| 260 |
_bTata McGraw Hill Publishing Company, _c1977. _aNew Delhi: |
||
| 300 | _a354p | ||
| 942 |
_cBK _2ddc _h658.0018 _iMOT/M _k658.0018 _mMOT/M |
||